000
00310nam a22001337a 4500
020
_a
978-81-8360-140-5
041
_a
ENG
100
_a
Sharma.S.K
245
_a
Objective Food Science
260
_a
New Delhi
_b
Jain Brothers
_c
2006
300
_a
658
650
_a
Competitive Exam
856
_u
Competitive Exam
999
_c
2518
_d
2518